| 000 | 00640nam a2200241Ia 4500 | ||
|---|---|---|---|
| 003 | OSt | ||
| 005 | 20220918201228.0 | ||
| 006 | a|||||r|||| 00| 0 | ||
| 007 | ta | ||
| 008 | 220917b |||||||| |||| 00| 0 eng d | ||
| 024 | _a92,514 | ||
| 037 | _cTextual | ||
| 040 |
_aARTS _cARTS _beng |
||
| 041 |
_2eng _aeng |
||
| 082 | _aV1Nz7, K6-;1 | ||
| 100 |
_aLuard Evan Ed. _997579 |
||
| 245 | 0 | _aEvolution of international organizations | |
| 260 |
_aLondon _bThames and Hudson UK _c1966 |
||
| 300 |
_a342p _ccm. |
||
| 650 | _aWORLD HISTORY | ||
| 942 |
_hV1Nz7, K6-;1 _cTEXL _2CC |
||
| 999 |
_c216165 _d216165 |
||